| 000 | 00546nam a2200157 4500 | ||
|---|---|---|---|
| 999 |
_c12577 _d12577 |
||
| 008 | 240224b ||||| |||| 00| 0 eng d | ||
| 040 | _aBMS College of Architecture | ||
| 100 | _aKhaliqur Rahman Khan | ||
| 245 | _a“Anubhav” Vision Through Blindfold Proposed School for Blind | ||
| 300 | _a49p. | ||
| 500 | _a1CF19AT1047 | ||
| 502 |
_8B,Arch _NBMS College of Architecture, Visvesvaraya Technological University (VTU) _aProject report _d2023 |
||
| 700 |
_aMukesh G Kotak _eGuide |
||
| 710 |
_aAnn Innocent Joseph _aGuide |
||
| 942 |
_2ddc _cTHE |
||